000
00273nam a2200109Ia 4500
008
200302s9999 xx 000 0 und d
100
_a
A. P. J. Abdul Kalam
245
_a
Wings of Fire An Autobiography
260
_b
University Press Ltd.
260
_c
1999
300
_a
180 P.,
999
_c
1397
_d
1397